Property valuation techniques (Record no. 115041)

MARC details
000 -LEADER
fixed length control field 00900cam a2200229 4500
001 - CONTROL NUMBER
control field L157968
008 - FIXED-LENGTH DATA ELEMENTS--GENERAL INFORMATION
fixed length control field 130906n2013 000 0 eng u
020 ## - INTERNATIONAL STANDARD BOOK NUMBER
International Standard Book Number 9781137302410
035 ## - SYSTEM CONTROL NUMBER
System control number (Sirsi) u157968
041 ## - LANGUAGE CODE
Language code of text/sound track or separate title eng
100 ## - MAIN ENTRY--PERSONAL NAME
Personal name Isaac, David
245 ## - TITLE STATEMENT
Title Property valuation techniques
250 ## - EDITION STATEMENT
Edition statement 3rd
260 ## - PUBLICATION, DISTRIBUTION, ETC.
Place of publication, distribution, etc. Basingstoke
Name of publisher, distributor, etc. Palgrave Macmillan
Date of publication, distribution, etc. 2013
300 ## - PHYSICAL DESCRIPTION
Extent xii,249p; 24cm.
520 ## - SUMMARY, ETC.
Summary, etc. Looks at a range of property valuation techniques including discounted cash flow, equated and equivalent yields, equivalent rents, premiums and lease incentives, leasehold valuations, development valuation and cash flows, risk, gearing and finance options. Includes worked examples and topic based self assessment questions and model answers.
651 #4 - SUBJECT ADDED ENTRY--GEOGRAPHIC NAME
Geographic name United Kingdom
Chronological subdivision
690 ## - LOCAL SUBJECT ADDED ENTRY--TOPICAL TERM (OCLC, RLIN)
Topical term or geographic name as entry element Valuation
9 (RLIN) 6273
690 ## - LOCAL SUBJECT ADDED ENTRY--TOPICAL TERM (OCLC, RLIN)
Topical term or geographic name as entry element Investments
9 (RLIN) 6250
700 ## - ADDED ENTRY--PERSONAL NAME
Personal name O'Leary, John
942 ## - ADDED ENTRY ELEMENTS (KOHA)
Suppress in OPAC 0
Holdings
Withdrawn status Lost status Source of classification or shelving scheme Damaged status Not for loan Home library Current library Shelving location Date acquired Total Checkouts Full call number Barcode Date last seen Copy number Price effective from Koha item type
    Dewey Decimal Classification     London London Books 06/09/2013   333.332 ISA 30075158 06/08/2019 1 06/08/2019 Book